000 02893nam a2200313 a 4500
001 ASIN184904046X
005 20170105102853.0
008 130821s2010 xxu eng d
020 _a184904046X (hardcover)
_c$100.00
020 _a9781849041867 (paperback)
040 _a0
050 0 4 _aHV6433.P18
082 0 4 _a363.325095491
100 1 _aTankel, Stephen.
245 1 0 _aStorming the world stage :
_bthe story of lashkar-e-taiba /
_cStephen Tankel.
260 _a[S.l.] :
_bHurst & Co.,
_c2010.
_c2011.
300 _a364 p. ;
_a352 p. ;
_c22 cm.
520 _aLashkar-e-Taiba is among the most powerful militants groups in South Asia and increasingly viewed as a global terrorist threat on par with al-Qaeda. Considered Pakistan's most powerful proxy against India, the group gained public prominence after its deadly ten-person suicide assault on Mumbai in November 2008. By the time the last Lashkar terrorist was dead after nearly 60 hours, it appeared the world was facing a new menace. Boasting transnational networks stretching across several continents, there has been serious debate since 9/11 of whether Lashkar is an al-Qaeda affiliate. The deliberate targeting of Westerners and Jews during the Mumbai attacks raised questions about whether Lashkar was moving deeper into al-Qaeda's orbit and perhaps on a trajectory to displace Osama bin Laden's network as the next major global jihadi threat. Lashkar's expansion has serious security implications for India, Pakistan, Europe and the United States and its activities threaten to damage US-Pakistan relations. Despite growing calls for action, Pakistan is yet to take any serious steps toward dismantling Lashkar for fear of drawing it further into the insurgency raging there and because of its continued utility against India. More than a militant outfit, Lashkar also controls a vast infrastructure that delivers necessary social services to the Pakistani populace, making it all the more difficult to dismantle. Storming the World Stage traces the evolution of Lashkar-e-Taiba over more than two decades to illustrate how the group grew so powerful and to assess the threat it poses to India, the West and to Pakistan itself. The first English-language book ever written about Lashkar, it draws on in-depth field research, including interviews with senior Lashkar leaders, rank-and-file members, and officials of the Pakistani security services--some of who have helped nurture the group over the years.
650 0 _aIslam and politics
650 0 _aIslamic fundamentalism
650 0 _aJamat al-Dawa Pakistan
650 0 _aJihad
650 0 _aMumbai Terrorist Attacks (Mumbai, India : 2008)
650 0 _aPakistan
650 0 _aTerrorism--Religious aspects--Islam
650 0 _aTerrorists
856 4 0 _3Amazon.com
_uhttp://www.amazon.com/exec/obidos/ASIN/184904046X/chopaconline-20
942 _2ddc
_cBK
999 _c14352
_d14352